Geography Quiz

Random Geography or City Quiz

Odd One Out Capitals Quiz Stats

 Plays Quiz Updated Oct 26, 2017

Challenge
Share
Tweet
Embed
Score 0/18 Timer 03:00
3 Plays Today
Question Answer Wrong Answers
Europe Dodoma
93.4%
Lisbon
0.9%
Dublin
0.5%
London
0.6%
South America Tegucigalpa
88.4%
Bogota
2.5%
Caracas
3.3%
Buenos Aires
0.9%
North America Kabul
87.9%
Port of Spain
2.9%
Belmopan
2.5%
Kingston
1.7%
Europe Tripoli
87%
Minsk
2.3%
Ljubljana
4.6%
Bratislava
1.4%
South America Luanda
81.3%
Montevideo
4.4%
Asuncion
3.9%
Paramaribo
5.5%
Europe Vientiane
79.2%
Vilnius
3.4%
Vaduz
8.7%
Valletta
3.8%
Asia Mogadishu
78.2%
Tashkent
6.1%
Pyongyang
1.6%
Beirut
9.3%
Africa Abu Dhabi
78%
Praia
10.6%
Accra
4.4%
Abuja
2.2%
North America Bissau
74.4%
Kingstown
4.5%
Nassau
4.4%
Managua
12%
North America Santiago
73.6%
Roseau
15.2%
Santo Domingo
3%
San Jose
3.4%
Oceania Manila
71.9%
Port Vila
9.6%
Funafuti
5.7%
Honiara
8%
South America Lome
71.7%
Quito
2.2%
Brasilia
1.2%
Georgetown
20.2%
Oceania Pristina
71.3%
Wellington
4.2%
Suva
6.8%
Palikir
12.7%
Africa Yerevan
69.3%
Ouagadougou
4.6%
Juba
9.1%
Windhoek
12.2%
Asia Suva
63.3%
Bandar Seri Begawan
6%
Sri Jayawardenepura Kotte
6.9%
Dili
18.7%
Oceania Maputo
62.9%
Majuro
17.8%
Port Moresby
8.3%
Canberra
6%
Asia Asmara
62.6%
Bishkek
10.4%
Astana
20.4%
Bangkok
1.8%
Africa Dhaka
60.1%
Conakry
19.7%
Dakar
9.7%
Khartoum
5.8%

You're not logged in!

Compare scores with friends on all Sporcle quizzes.
Join for Free
OR
Log In

You Might Also Like...

Show Comments

Extras

Top Quizzes Today


Score Distribution

Your Account Isn't Verified!

In order to create a playlist on Sporcle, you need to verify the email address you used during registration. Go to your Sporcle Settings to finish the process.

Report this User

Report this user for behavior that violates our Community Guidelines.

Details: